Normal view
MARC view
- David Jobber
Entry Personal Name
001 - CONTROL NUMBER
- control field: 121322
003 - CONTROL NUMBER IDENTIFIER
- control field: NUST
005 - DATE AND TIME OF LATEST TRANSACTION
- control field: 20240226124614.0
008 - FIXED-LENGTH DATA ELEMENTS
- fixed length control field: 240226|| aca||aabn | a|a d
040 ## - CATALOGING SOURCE
- Original cataloging agency: NUST
- Transcribing agency: NUST
100 ## - HEADING--PERSONAL NAME
- Personal name: David Jobber
670 ## - SOURCE DATA FOUND
- Source citation: Work cat.: (NUST)349641: David Jobber , Selling and Sales Management, 2012
